American Fairy Tales/ (Record no. 198573)
[ view plain ]
| 000 -LEADER | |
|---|---|
| fixed length control field | 00532nam a22001697a 4500 |
| 005 - DATE AND TIME OF LATEST TRANSACTION | |
| control field | 20231005124631.0 |
| 020 ## - INTERNATIONAL STANDARD BOOK NUMBER | |
| International Standard Book Number | 9789382657675 |
| Terms of availability | 295.00 |
| 082 ## - DEWEY DECIMAL CLASSIFICATION NUMBER | |
| Classification number | S |
| Edition number | First |
| 100 ## - MAIN ENTRY--PERSONAL NAME | |
| Personal name | Baum, Luman frank |
| 245 ## - TITLE STATEMENT | |
| Title | American Fairy Tales/ |
| Statement of responsibility, etc | By Frank Baum Luman |
| 250 ## - EDITION STATEMENT | |
| Edition statement | First |
| 260 ## - PUBLICATION, DISTRIBUTION, ETC. (IMPRINT) | |
| Place of publication, distribution, etc | New Delhi |
| Name of publisher, distributor, etc | Vaibhav Publication |
| Date of publication, distribution, etc | 2021 |
| 270 ## - ADDRESS | |
| Address | 24/4806, Ansari Road , Darya Ganj |
| City | New Delhi |
| Postal code | 110002 |
| Telephone number | 011-47340207 |
| 300 ## - PHYSICAL DESCRIPTION | |
| Extent | 93p. |
| Other physical details | 22cm(hbk) |
| 942 ## - ADDED ENTRY ELEMENTS (KOHA) | |
| Source of classification or shelving scheme | Dewey Decimal Classification |
| Item type | English Books |
| Classification part | S |
| Call number suffix | BAU |
| Withdrawn status | Lost status | Not for loan | Collection code | Home library | Current library | Date acquired | Source of acquisition | Cost, normal purchase price | Full call number | Barcode | Copy number | Cost, replacement price | Koha item type |
|---|---|---|---|---|---|---|---|---|---|---|---|---|---|
| Fiction | Patel Nagar | Patel Nagar | 27/09/2023 | GIFT | 295.00 | S BAU | B-755889 | 1 | 295.00 | English Books |
